000 01168nam a2200313Ia 4500
003 OSt
005 20221007123238.0
006 a|||||r|||| 00| 0
007 ta
008 221006b |||||||| |||| 00| 0 eng d
020 _a0122336755 (hbd)
_c
_ 74.95
024 _a4044
037 _bShankar,
_cTextual
040 _aPAPL
_cPAPL
_beng
041 _2eng
_aeng
082 _aC9B3:58, N5
100 _aEichler Jorg
_9716952
245 0 _aRelativistic atomic collisions by Jorg Eichler and Walter E Meyerhof
_b Meyerhof Walter E
260 _aSan
_bDiego Academic press
_c1995
300 _axii,413p
_ccm.
500 _aBibliographical references 375-399p; Index 401-413p; ^n23/CSL/Carpa/96-97/3977^d1996-08-13^mPurchase; ; 96-97/145^b1996-09-30^c3402(B)^d1996-09-13^eShankar's Book Agency Pvt Ltd; ; 1996-10-11^bSB^c1996-11-21^r1996-12-19
650 _a Atomic and molecular
_9713510
650 _a Collision theory
_9716953
650 _a Nuclear
_9340612
650 _aPhysics
700 _a Meyerhof Walter E
_9716954
942 _hC9B3:58, N5
_cTEXL
_2CC
999 _c1211589
_d1211589